The Bedford bibliography for teachers of writing / (Record no. 53764)
[ view plain ]
| 000 -LEADER | |
|---|---|
| fixed length control field | 01333cam a2200325 i 4500 |
| 001 - CONTROL NUMBER | |
| control field | 16626284 |
| 003 - CONTROL NUMBER IDENTIFIER | |
| control field | OSt |
| 005 - DATE AND TIME OF LATEST TRANSACTION | |
| control field | 20181108153110.0 |
| 008 - FIXED-LENGTH DATA ELEMENTS--GENERAL INFORMATION | |
| fixed length control field | 110127t20122012mau b 001 0 eng |
| 010 ## - LIBRARY OF CONGRESS CONTROL NUMBER | |
| LC control number | 2011921719 |
| 020 ## - INTERNATIONAL STANDARD BOOK NUMBER | |
| International Standard Book Number | 9780312643447 (pbk. : alk. paper) |
| 040 ## - CATALOGING SOURCE | |
| Original cataloging agency | DLC |
| Language of cataloging | eng |
| Transcribing agency | DLC |
| Modifying agency | DLC |
| Description conventions | rda |
| 042 ## - AUTHENTICATION CODE | |
| Authentication code | pcc |
| 050 00 - LIBRARY OF CONGRESS CALL NUMBER | |
| Classification number | Z5818.E5 |
| Item number | B57 2012 |
| 100 1# - MAIN ENTRY--PERSONAL NAME | |
| Personal name | Reynolds, Nedra. |
| 245 14 - TITLE STATEMENT | |
| Title | The Bedford bibliography for teachers of writing / |
| Statement of responsibility, etc | Nedra Reynolds, University of Rhode Island, Jay Dolmage, University of Waterloo, Patricia Bizzell, College of the Holy Cross, Bruce Herzberg, Bentley College. |
| 250 ## - EDITION STATEMENT | |
| Edition statement | Seventh edition. |
| 260 ## - PUBLICATION, DISTRIBUTION, ETC. (IMPRINT) | |
| Place of publication, distribution, etc | Boston: |
| Name of publisher, distributor, etc | Bedford/St Martins |
| Date of publication, distribution, etc | 2012 |
| 300 ## - PHYSICAL DESCRIPTION | |
| Extent | xii, 336 pages ; |
| Dimensions | 24 cm |
| 500 ## - GENERAL NOTE | |
| General note | Includes index. |
| 650 #0 - SUBJECT ADDED ENTRY--TOPICAL TERM | |
| Topical term or geographic name as entry element | English language |
| General subdivision | Rhetoric |
| -- | Study and teaching |
| Form subdivision | Bibliography. |
| 650 #0 - SUBJECT ADDED ENTRY--TOPICAL TERM | |
| Topical term or geographic name as entry element | Report writing |
| General subdivision | Study and teaching (Higher) |
| Form subdivision | Bibliography. |
| 700 1# - ADDED ENTRY--PERSONAL NAME | |
| Personal name | Dolmage, Jay. |
| 700 1# - ADDED ENTRY--PERSONAL NAME | |
| Personal name | Bizzell, Patricia. |
| 700 1# - ADDED ENTRY--PERSONAL NAME | |
| Personal name | Herzberg, Bruce. |
| 775 08 - OTHER EDITION ENTRY | |
| Display text | Revision of: |
| Main entry heading | Reynolds, Nedra. |
| Edition | 6th ed. |
| Title | Bedford bibliography for teachers of writing |
| Place, publisher, and date of publication | Boston : Bedford/St. Martin's, c2004 |
| Record control number | (DLC) 2009290847 |
| 906 ## - LOCAL DATA ELEMENT F, LDF (RLIN) | |
| a | 7 |
| b | cbc |
| c | orignew |
| d | 2 |
| e | epcn |
| f | 20 |
| g | y-gencatlg |
| 942 ## - ADDED ENTRY ELEMENTS (KOHA) | |
| Source of classification or shelving scheme | Library of Congress Classification |
| Koha item type | Book |
| Withdrawn status | Lost status | Source of classification or shelving scheme | Damaged status | Not for loan | Collection code | Home library | Current library | Shelving location | Date acquired | Source of acquisition | Cost, normal purchase price | Total Checkouts | Full call number | Barcode | Copy number | Price effective from | Koha item type |
|---|---|---|---|---|---|---|---|---|---|---|---|---|---|---|---|---|---|
| Library of Congress Classification | Non-fiction | Bishop Okullu Memorial Library (Limuru Campus) | Bishop Okullu Memorial Library (Limuru Campus) | General Circulation | 08/11/2018 | donation-BFA | 1917.00 | Z5818.E5 B57 2012 | 060602 | 1 | 08/11/2018 | Book |